Los incentivos a la corrupción (Registro nro. 3861)

Detalles MARC
000 -Cabecera
Campo de control de longitud fija 00643aam a2200241 4500
005 - Fecha y hora de la última transacción
Campo de control 20260306185332.0
008 - Elementos de longitud fija--Información general
Campo de control de longitud fija 150311b2000 xxu||||| |||| 00| 0 spa d
020 ## - International Standard Book Number
Número Internacional Estándar del Libro (ISBN) 99773109810
041 ## - Idioma
Código de idioma Español
082 ## - Clasificación Decimal Dewey
Número de clasificación 364.132.3 M562i
100 ## - Entrada principal--Autor personal
Nombre personal Merino del Río, José
9 (RLIN) 17697
245 ## - Título propiamente dicho
Título Los incentivos a la corrupción
260 ## - Pie de imprenta
Fecha de publicación, distribución, etc. 2000
260 ## - Pie de imprenta
Nombre del editor, distribuidor, etc. Editorial Juricentro
300 ## - Descripción física
Extensión 291 páginas
490 ## - Serie
Título de la Serie Investigación Criminal
650 ## - Materia general
Temática (materia general) COSTA RICA
650 ## - Materia general
Temática (materia general) DELITOS DE LOS FUNCIONARIOS
650 ## - Materia general
Temática (materia general) ACTOS ILICITOS
650 ## - Materia general
Temática (materia general) CORRUPCION POLITICA
650 ## - Materia general
Temática (materia general) LEY DE INCENTIVOS TURISTICOS
942 ## - Punto de acceso adicional KOHA
Tipo de ítem KOHA Libro
Fuente del sistema de clasificación o colocación Dewey Decimal Classification
Existencias
Signatura completa Código de barras Programa Académico Tipo de ítem
364.132.3 M562i 6660 Investigación Criminal Libro